000 00860nam a2200193 a 4500
008 100324s2002 ||||||||||||||||| || u
020 _a0273646923
050 _aHF 5635 Ell
100 _aElliott, Barry
245 1 0 _aFinancial accounting, reporting and analysis: international edition.
250 _ainternational ed.
260 _aHarlow, Essex
_bFT Prentice Hall
_c2002
300 _axx,800.p: ill.
350 _a0.00
650 0 _aACCOUNTING--HANDBOOKS, MANUALS, ETC
650 0 _aFINANCIAL STATEMENTS
995 _aMAIN LIBRARY OPEN ACCESS
_D0.00
_e741186
_FCBU-MAIN LIBRARY (Kitwe)
_H1
_I0.00
_jHF 5635 Ell
_M1
_UAVAILABLE
_WApr 16, 2010
_y741186
_ZMain Library Open Access Collection
995 _aMAIN LIBRARY OPEN ACCESS
_D0.00
_e741187
_FCBU-MAIN LIBRARY (Kitwe)
_H1
_I0.00
_jHF 5635 Ell
_M2
_UAVAILABLE
_WApr 16, 2010
_y741187
_ZMain Library Open Access Collection
999 _c63066
_d63066